000
002550000a22000970004500
100
1
_a
Placeres, Tito
245
1
0
_a
"No pido nada, pero veo un barco"
300
_a
Vol. 57, Núm 258 (2002), Página 31-35
773
0
_t
La Biblia de las Américas
942
_c
ANA
999
_c
51703
_d
51703